00784nam a22001937a 4500003000400000005001700004008004100021040002600062082002400088110010300112245019300215250000900408260003800417300002500455365001600480490003600496504003200532650002600564OSt20250711142617.0250711b |||||||| |||| 00| 0 sp d acunsurocbespcanacap 22aed.a333.32 U58:2 aUniversidad de San Carlos de Guatemala. Escuela Facultativa de Ciencias Económicas de Occidente. aTenencia de la tierra y desarrollo socio-económico del sector agrícola en Guatemala.cUniversidad de San Carlos de Guatemala. Escuela Facultativa de Ciencias Económicas de Occidente. a2aed aGuatemala:bUniversitaria, c1971 a395p. :c:il.; 18cm. b3d2.50jgt aColección Realidad Nuestra, 2 aBibliografía: pp. 389-394 2Tenencia de la tierra